Is there a case for an optimal export tax on perennial crops? (Record no. 226233)

000 -LEADER
fixed length control field 00404cam a22001337a 4500
008 - FIXED-LENGTH DATA ELEMENTS--GENERAL INFORMATION
fixed length control field 180718b1992 xxu||||| |||| 00| 0 eng d
100 ## - MAIN ENTRY--PERSONAL NAME
Personal name Akiyama, Takamasa
245 ## - TITLE STATEMENT
Title Is there a case for an optimal export tax on perennial crops?
Statement of responsibility, etc. by Takamasa Akiyama
260 ## - PUBLICATION, DISTRIBUTION, ETC.
Place of publication, distribution, etc. Washington, D.C.
Name of publisher, distributor, etc. IBRD
Date of publication, distribution, etc. 1992
300 ## - PHYSICAL DESCRIPTION
Extent 39p.
440 ## - SERIES STATEMENT/ADDED ENTRY--TITLE
Title Working Papers WPS 854
650 ## - SUBJECT ADDED ENTRY--TOPICAL TERM
Topical term or geographic name entry element Perennials
650 ## - SUBJECT ADDED ENTRY--TOPICAL TERM
Topical term or geographic name entry element Export duties
Holdings
Withdrawn status Lost status Damaged status Not for loan Permanent Location Current Location Date acquired Barcode Date last seen Price effective from Koha item type
        Indian Institute of Public Administration Indian Institute of Public Administration 1993-05-27 WB2910 2018-07-20 2018-07-20 WB

Powered by Koha